000 01049nam1a22002531i 4500
001 rc\3941083
005 20260407065655.0
035 _a(NLR Aleph) 007919926
090 _a8151223
_c8151223
100 _a20130415d1954 |||y0rusy50 ca
101 0 _arus
102 _aRU
105 _a z |||||
200 1 _aСобраний сочинений
_e[В 5 т.
_fКомис. по изданию трудов акад. С.И. Вавилова: акад. А.А. Лебедев (пред.) и др.
_gБиогр. очерк В. Левшина, с. 7-48]
_gАкад. наук СССР. Т. 1-
210 _aМосква
_cИзд-во Акад. наук СССР
_d1954
215 _d27
700 1 _4070
_8rus
_7ca
_aВавилов
_bС.И.
_f1891-1951
_gСергей Иванович
_3RU\NLR\AUTH\7716395
_9126035
702 1 _aЛевшин
_bВ.
_4570
702 1 _aЛебедев
_bА.А.
_gАлександр Алексеевич
_4650
801 0 _aRU
_bNLR
_gpsbo
801 1 _aRU
_bELAR
_2rusmarc
852 _aNLR
_jФз02 Г-7/91
942 _cBOOK